Výkřiky v temnotě /

Uloženo v:
Hlavní autor: Coates, Darcy (Autor)
Další autoři: Vondráčková, Lucie, 1980- (Autor)
Médium: Audiokniha
Jazyk:Czech
Vydáno: Praha : Kanopa, [2025]
Témata:
Celkem bylo vypůjčeno:0x
Tagy:
Žádné tagy
LEADER 01753nim a2200505 i 4500
001 106321
003 CZ PrNK
005 20260512150420.0
007 sd fungnnmmned
008 250318t20252025xr nnnng f n cze
020 |a 9788053004664 :  |c Kč 399,00 
040 |a ABA001  |b cze  |e rda 
041 1 |d cze  |h eng 
072 7 |a 821.111-3  |x Anglická próza, anglicky psaná  |2 Konspekt  |9 25 
080 |a 821.111(94)-31  |2 MRF 
080 |a (0:82-312.4)  |2 MRF 
080 |a (086.7)08  |2 MRF 
080 |a (086.76)  |2 MRF 
100 1 |a Coates, Darcy  |7 xx0232981  |4 aut  |9 111639 
240 1 0 |a Secrets in the dark.  |l Česky 
245 1 0 |a Výkřiky v temnotě /  |c Darcy Coates 
264 1 |a Praha :  |b Kanopa,  |c [2025] 
264 4 |c ©2025 
300 |a 1 audiodisk (14 hod., 16 min.) ;  |c 12 cm 
336 |a mluvené slovo  |b spw  |2 rdacontent 
337 |a audio  |b s  |2 rdamedia 
338 |a audiodisk  |b sd  |2 rdacarrier 
344 |a digital 
500 |a Název z disku 
500 |a Nezkrácená audiokniha ve formátu MP3 
511 0 |a Čte Lucie Vondráčková 
518 |o Nahráno  |d 2025  |p studio KANOPA 
655 7 |a australské romány  |7 fd131842  |2 czenas  |9 53446 
655 7 |a horory (romány)  |7 fd184202  |2 czenas  |9 54252 
655 7 |a audioknihy  |7 fd119452  |2 czenas  |9 53385 
655 7 |a kompaktní disky  |7 fd201991  |2 czenas  |9 54543 
655 9 |a Australian fiction  |2 eczenas 
655 9 |a horror novels  |2 eczenas 
655 9 |a audiobooks  |2 eczenas 
655 9 |a compact discs  |2 eczenas 
700 1 |a Vondráčková, Lucie,  |d 1980-  |7 jn20000703386  |4 nrt  |9 113868 
910 |a UOG502 
942 |2 ddc  |c AK 
999 |d 106321 
993 |0 0  |1 721112107048  |2 ddc  |4 0  |7 0  |9 99694  |b 0  |c 107042  |d 2026-05-12  |e 0  |f DOSP  |h 399.00  |i Koupě  |l DOSP  |r 2026-05-12  |t 6  |w 2026-05-12  |y AK  |z AUDIO  |n